[Event "Cali op-C 11th"]
[Site "Cali"]
[Date "2009.12.27"]
[Round "2.17"]
[White "Correa, Juan Sebastian"]
[Black "Cardona, Arley Gustavo"]
[Result "1-0"]
[WhiteElo "1641"]
[BlackElo "1600"]
[PlyCount "59"]
[EventDate "2009.12.26"]
[EventType "swiss"]
[EventRounds "8"]
[EventCountry "COL"]
[SourceTitle "EXT 2024"]
[Source "ChessBase"]
[SourceDate "2023.10.10"]
[SourceVersion "1"]
[SourceVersionDate "2023.10.10"]
[SourceQuality "1"]

1. e4 c5 2. c4 e6 3. Nc3 Nf6 4. Nf3 Be7 5. Be2 a6 6. 0-0 Qc7 7. d4 cxd4 8. Nxd4 d6 9. Be3 b6 10. Rc1 Nbd7 11. f4 Bb7 12. Bf3 Nc5 13. Qc2 0-0 14. b3 Rac8 15. g4 Nfd7 16. b4 e5 17. Nf5 Rfe8 18. bxc5 Nxc5 19. fxe5 dxe5 20. Nd5 Bxd5 21. cxd5 Bf8 22. Bg2 g6 23. Nh6+ Bxh6 24. Bxh6 Qe7 25. Qd2 Qh4 26. Qg5 Qxg5 27. Bxg5 Kg7 28. Bf6+ Kg8 29. g5 a5 30. d6 1-0

[Event "Valle Region-ch U26"]
[Site "Tulua"]
[Date "2009.07.12"]
[Round "7.5"]
[White "Osorio Gracia, Luis Alberto"]
[Black "Correa, Juan Sebastian"]
[Result "1/2-1/2"]
[WhiteElo "1600"]
[BlackElo "1600"]
[PlyCount "56"]
[EventDate "2009.07.10"]
[EventType "swiss"]
[EventRounds "7"]
[EventCountry "COL"]
[SourceTitle "EXT 2024"]
[Source "ChessBase"]
[SourceDate "2023.10.10"]
[SourceVersion "1"]
[SourceVersionDate "2023.10.10"]
[SourceQuality "1"]

1. e4 e5 2. Nf3 Nc6 3. d4 exd4 4. Nxd4 Qh4 5. Nb5 Bc5 6. Qe2 Nd4 7. Nxd4 Bxd4 8. g3 Qf6 9. c3 Bb6 10. Bg2 d6 11. Na3 Bg4 12. f3 Be6 13. Be3 Ne7 14. Bxb6 axb6 15. Nb5 0-0 16. Nxc7 Rxa2 17. 0-0 Ra5 18. Rxa5 bxa5 19. Nxe6 Qxe6 20. Rd1 d5 21. Qd2 dxe4 22. fxe4 Qb6+ 23. Qf2 Qb3 24. Rd7 Nc6 25. e5 Nxe5 26. Rxb7 Qd1+ 27. Qf1 Qd2 28. Qf2 Qd1+ 1/2-1/2